000 00967nam a22001937a 4500
005 20250107152708.0
010 _aHIN-129178
020 _a9788197663222
_c360.00
035 _aHN-101524
037 _bDBAD
082 _a821
100 _aरामकृष्ण
_976027
245 _aजूही के फूल अनछुए: गीत संग्रह /
_cरामकृष्ण
250 _aप्रथम
260 _aगाजियाबाद, उ. प्र.
_bसमदर्शी प्रकाशन
_c2024
270 _aप्लाट नम्बर 152, विक्रम एन्क्लेव, शालीमार गाडर्न एक्स्टेंशन -1 ,साहिबाबाद
_bगाजियाबाद, उ. प्र.
_e201005
_k9599323508
_msamdarshi.prakashan@gmail.com
300 _a144 पृ.
_c22सेमी(सजिल्द)
942 _2ddc
_cHN
_h821
_mरामकृ
999 _c208157
_d208157